00720nam a22001937a 450000500170000001000150001702000120003203500130004403700130005708200120007010000240008224500550010626000420016127001120020330000290031594200260034499900170037095201390038720100814162152.0 aENG-100235 c2200.00 aEN-83767 bDBAD/PUB a005.276 aTambade,Ravi914241 aNet 3.5 :bASP. Net programming /cby Ravi Tambade aMaharashtrabAvani Publicationsc2009 aFlat No.2, Ground Floor, Radhakrihna Apts., Prabhat Road, Lane No. 10, Erandawana PunebMaharashtrae411004 a404p.:bill.c29cm (pbk) 2ddccENh005.276mTAM c42017d42017 001040718NFICaDBADbDBADd2010-08-14eDBAD/PUBg2200.00l0o005.276 TAMpEN-83767r2010-08-14 00:00:00t1v2200.00w2010-08-14yEN